| 000 | 00699nam a2200229 a 4500 | ||
|---|---|---|---|
| 999 |
_c2393 _d2393 |
||
| 001 | 2393 | ||
| 003 | BD-JhCC | ||
| 005 | 20230208134023.0 | ||
| 008 | 171101s2010 bg ||||| |||| 00| 0 ben d | ||
| 020 | _a9847013800798 | ||
| 035 | _a(BD-JhCC)2393 | ||
| 040 |
_aBD-JhCC _dBD-JhCC |
||
| 041 | _aben | ||
| 082 |
_222 _a891.443 _bHAQ 2010 |
||
| 100 | _aহক, সৈয়দ, আনোয়ার, | ||
| 245 |
_aউপন্যাস সমগ্র ২ / _cআনোয়ারা সৈয়দ হক |
||
| 260 |
_aঢাকা : _bবিদ্যাপ্রকাশ, _c২০১০ |
||
| 300 |
_a592 p. : _c22cm. |
||
| 650 | _aCollection of Novel | ||
| 942 |
_2ddc _cBK _02 |
||